000
00364nam a2200169Ia 4500
005
20250423094831.0
008
250422s9999 xx 000 0 und d
020
_a
0723429499
050
_a
RC 871 C646/
245
0
_a
Comprehensive urology
260
_a
London
260
_b
Mosby
260
_c
c2001
300
_a
724 p
650
_a
UROLOGY
942
_c
BK
999
_c
28432
_d
28432